• 首页
  • 本馆介绍
  • 公告通知
  • 最新文献
  • 馆藏检索
  • 电子资源
  • 读者导购
  • 参考咨询
  • 我的图书馆
  • 登录
  • 详细信息显示
  • 放入我的书架
  • 预约/预借图书
  • 作者相关作品
  • 分类相关作品
  • 丛书相关作品
  • 出版社相关作品

书目信息

  • 表格格式
  • 工作单格式
  • 卡片格式
书名: Vibrations of shells and plates
作者: Werner Soedel
分册号:
分册名:
出版地: New York :
 
出版社: M. Dekker, Inc
出版时间: c1981.
页数: xiv, 366 p. :
开本: 23 cm.
丛书名: Mechanical engineering
中图分类号:
科图分类号:
其他分类号: TU33
主题词:
电子资源:
000 01007nam 2200301 a 4500
001 E0757073167
005 20070305160524.92
008 uu
008 00110 eng
010    @a81009892 //r892
020    @a0824711939.
049    @aN5LA
050 0  @aTA660.S5 @bS65
082 0  @a624.1/776 @219
090    @a2/TU33/S68///////////////*973565/-66/ 2cop.
090    @aTU33
096    @aTU33 @v2
099    @dTU33@ex2
100 1  @aSoedel, Werner, @d1936-
245 10 @aVibrations of shells and plates / @cWerner Soedel
260    @aNew York :@bM. Dekker, Inc.,@cc1981.
300    @axiv, 366 p. :@bill. ;@c23 cm.
440  0 @aMechanical engineering ; @v10
504    @aIncludes bibliographical references and index.
650  0 @aPlates (Engineering) @xVibration.
650  0 @aShells (Engineering) @xVibration.
830  0 @aMechanical engineering (Marcel Dekker, Inc.) ; @v10. @b00 @c20020930 @lNLC09 @h2248 @lNLC09 @h2322 @lNLC09 @h1913
852 9  @bWWJC @cJ08S @k2 @hTU33 @iS68
    
    Vibrations of shells and plates / / Werner Soedel.-New York : : M. Dekker, Inc., , c1981.
    xiv, 366 p. : : ill. ; ; 23 cm.- (Mechanical engineering ; 10 )
    Includes bibliographical references and index.
    
    ISBN 0824711939.
    
●
相关链接 在E读中查询图书 在五车中查询图书 在当当中查询图书 在豆瓣中查询图书


正题名:Vibrations of shells and plates     索取号:TU33/x2         预约/预借

序号 登录号 条形码 馆藏地/架位号 状态 备注
1 0000043   300000433   第四借阅区/ [索取号:TU33/x2] 在馆    
唐山师范学院图书馆 欢迎您!
大连网信软件有限公司© 版权所有